1722 1516 1682 1924 1496 1837 1695 1360 1273 1535 1129 1265 1026 1985 1426 1989 1525 1259 1461 1040 1342 1184 1503 1049 1383 1276 1725 1736 1397 1816 1591 1972 1309 1323 1413 1727 1241 1792 1455 1521 1426 1349 1338 1902 1806 1558 1521 1512 1760 1600 1199 1927 1238 1185 1560 1530 1504 1135 1965 1577 1755 1166 1664 1105 1513 1596 1032 1153 1241 1964 1045 1786 1373 1391 1960 1107 1103 1990 1952 1191 1801 1177 1309 1104 1670 1351 1561 1264 1059 1271 1623 1733 1652 1493 1818 1068 1471 1452 1576 BCNSPRNW ULIB Ver.6.0+V

เปลี่ยนเป็นภาษาไทย

Change to English
 แสดงรายละเอียดบรรณานุกรม
  กลับหน้าหลัก

Brief Record : Get Marc (ISO 2709) : E-mail record : QR code < ปิดหน้าต่าง
LEADER : 00000nam 2200000uu 4500
001    13399114241
003     ULIB
008    110628s||||||||th 000 0 tha d
020    9786167088693
050  4 BQ9286.4^bม295น
100 0  บาหยัน
245 10 นิทานเซน...ปฏิวัติความคิด พลิกชีวิตให้เจริญ เจริญ/^cบาหยัน
250    พิมพ์ครั้งที่ 1
260    กรุงเทพฯ :^bคลื่นอักษร,^c2553
300    176 หน้า
650  7 นิทานเซน
650  7 นิทานธรรมะ
710 1  คลื่นอักษร
945    ^p135^l0^i031216
995    ทศพร
999 ^a ใช้งานได้ทุกระบบ
รายการนี้ยังไม่มีแท็ก
คุณยังไม่ได้ล็อกอิน คุณสามารถมีกิจกรรมร่วมกับเว็บไซต์ได้ แต่ต้องล็อกอินก่อน ::
  ล็อกอิน

รายการสื่อสารสนเทศ

ลำดับที่ ประเภท เลขเรียก/บาร์โค้ด สถานที่ สถานะ
- ไม่พบข้อมูล -

รายการใกล้เคียง
    หัวเรื่อง [นิทานธรรมะ]

BibComment


ยังไม่เคยถูกคอมเมนท์

คอมเมนท์ทรัพยากรรายการนี้
  คอมเมนท์: นิทานเซนปฏิวัติคว..


 Copyright 2026. Bcnsprnw @Library